| 000 | 00729nam a2200205 a 4500 | ||
|---|---|---|---|
| 001 | 000008126 | ||
| 005 | 20240305091221.0 | ||
| 008 | 090915s2000 dr a 000 0 spa d | ||
| 040 |
_aDO-SdBNP _bspa _cBNPHU |
||
| 082 |
_a641.5918 _bN714c |
||
| 100 | 1 |
_aNina, Juan B., _d1959- _q(Juan Bautista) _99246 |
|
| 245 | 1 | 3 |
_aLa cocina de las Américas : _bhistoria y recetas típicas de 32 países de América / _cJuan B. Nina. |
| 260 |
_aSanto Domingo : _bMediabyte, _c2000. |
||
| 300 |
_a212 p. : _bil. ; _c21 cm. |
||
| 590 | _aInventariado, 2018/ YL | ||
| 500 | _aIncluye datos biográficos en la contracubierta. | ||
| 504 | _aBibliografía: p. 211-212 | ||
| 650 | 4 |
_aCocina americana _xHistoria _922060 |
|
| 910 | _aValidado. Control MFF | ||
| 999 |
_c7903 _d7903 |
||